000 00345nam a22001337a 4500
020 _a9780070140905
082 _222
_a005
100 _aSenn, James A.
245 _aAnalysis and design of information systems /
250 _a2 nd.
260 _aNew Delhi,
_bTata McGrew Hill,
_cc2005.
300 _axvii,853 p. ;
_bill. ;
_c24 cm.
942 _2ddc
_cIT
999 _c3617
_d3617